|
|
|
|
| LEADER |
00618nab a2200181 i 4500 |
| 001 |
publ9743 |
| 005 |
20200121102418.0 |
| 008 |
170525s2013 hu o 0|| zxx d |
| 022 |
|
|
|a 1416-499X
|
| 024 |
7 |
|
|a 3122022
|2 mtmt
|
| 040 |
|
|
|a SZTE Publicatio Repozitórium
|b hun
|
| 041 |
|
|
|a zxx
|
| 100 |
1 |
|
|a Pilári Darinka
|
| 245 |
1 |
0 |
|a VERDI
|h [elektronikus dokumentum] :
|b irányok az időben /
|c Pilári Darinka
|
| 260 |
|
|
|a Ellenfényért Bt.
|c 2013
|
| 300 |
|
|
|a 46-48
|
| 490 |
0 |
|
|a ELLENFÉNY
|v 18 No. 7
|
| 856 |
4 |
0 |
|u http://publicatio.bibl.u-szeged.hu/9743/2/ellenfeny_tanc_kulfoldi_egyuttesek_3907_verdi_iranyok.pdf
|z Dokumentum-elérés
|